000 00735nam a2200229Ia 4500
001 8753
003 GE_BSU
008 181216s||||||||xx |||||||||||||| ||und||
040 _cGE_BSU
080 _a821.353.1-1
100 _aივარდავა, დილარ
245 _aრტოები არ იმსხვრევიან
245 _bლექსები
245 _cრედ. ლ. თურმანიძე, მხატვ. დ. ბაქრაძე
260 _aთბილისი
260 _bმერანი
260 _c1968
300 _a85გვ. 17სმ.
653 _aლექსები
653 _aრტოები არ იმსხვრევიან
942 _cBK
999 _c42063
_d42063